| Tag |
First Indicator |
Second Indicator |
Subfields |
| LEADER |
00000cam a2200000 a 4500 |
| 001 |
in00002786591 |
| 005 |
20211120170326.0 |
| 006 |
m | d f |
| 007 |
cr mn||||||||| |
| 008 |
121102s2012 alu ob f000 0 eng c |
| 035 |
|
|
|a (OCoLC)ocn815785439
|
| 040 |
|
|
|a GPO
|c GPO
|d MvI
|d UtOrBLW
|
| 042 |
|
|
|a pcc
|
| 043 |
|
|
|a n-us---
|
| 049 |
|
|
|a WWW
|
| 074 |
|
|
|a 0422-A-07 (online)
|
| 086 |
0 |
|
|a D 301.26/7-5:2012-1
|
| 245 |
0 |
0 |
|a Air Force leadership study :
|b the need for deliberate development /
|c Karen Currie ...[and others].
|
| 264 |
|
1 |
|a Maxwell Air Force Base, Ala. :
|b Air University Press :
|b Air Force Research Institutie,
|c [2012]
|
| 300 |
|
|
|a 1 online resource (xvi, 55 pages).
|
| 336 |
|
|
|a text
|b txt
|2 rdacontent
|
| 337 |
|
|
|a computer
|b c
|2 rdamedia
|
| 338 |
|
|
|a online resource
|b cr
|2 rdacarrier
|
| 490 |
1 |
|
|a Research paper ;
|v 2012-1
|
| 500 |
|
|
|a "February 2012."
|
| 500 |
|
|
|a Title from title screen (viewed on Oct. 19, 2012).
|
| 504 |
|
|
|a Includes bibliographical references.
|
| 500 |
|
|
|a Electronic resource.
|
| 650 |
|
0 |
|a Command of troops
|x Study and teaching.
|
| 650 |
|
0 |
|a Leadership
|x Study and teaching.
|
| 650 |
|
0 |
|a Military education.
|
| 700 |
1 |
|
|a Currie, Karen.
|
| 710 |
2 |
|
|a Air University (U.S.).
|b Air Force Research Institute.
|
| 710 |
2 |
|
|a Air University (U.S.).
|b Press.
|
| 776 |
0 |
8 |
|i Print version:
|t Air Force leadership study
|w (OCoLC)815789243
|
| 830 |
|
0 |
|a Research paper (Air University (U.S.). Air Force Research Institute) ;
|v 2012-1.
|
| 856 |
4 |
0 |
|u https://purl.fdlp.gov/GPO/gpo30145
|t 0
|
| 999 |
|
|
|a MARS
|
| 999 |
f |
f |
|s 3149c980-6b03-38ba-85d7-1fccf937faa9
|i 6dd77b4d-e660-372e-8abd-c4cafd2d3abf
|t 0
|
| 952 |
f |
f |
|a Texas A&M University
|b College Station
|c Electronic Resources
|d Available Online
|t 0
|e D 301.26/7-5:2012-1
|h Superintendent of Documents classification
|
| 998 |
f |
f |
|a D 301.26/7-5:2012-1
|t 0
|l Available Online
|